<?xml version="1.0" encoding="UTF-8"?>
<record
    xmlns:xsi="http://www.w3.org/2001/XMLSchema-instance"
    xsi:schemaLocation="http://www.loc.gov/MARC21/slim http://www.loc.gov/standards/marcxml/schema/MARC21slim.xsd"
    xmlns="http://www.loc.gov/MARC21/slim">

  <leader>00862nam a22002657a 4500</leader>
  <controlfield tag="003">FranzMayer</controlfield>
  <controlfield tag="005">20250820170603.0</controlfield>
  <controlfield tag="008">250820b2024    |||o|||| |||| 001 0 eng d</controlfield>
  <datafield tag="020" ind1=" " ind2=" ">
    <subfield code="a">979-8-9901624-0-2</subfield>
  </datafield>
  <datafield tag="040" ind1=" " ind2=" ">
    <subfield code="a">BMFM</subfield>
    <subfield code="c">BMFM</subfield>
  </datafield>
  <datafield tag="050" ind1=" " ind2="4">
    <subfield code="a">NK9155</subfield>
    <subfield code="b">.I43</subfield>
  </datafield>
  <datafield tag="100" ind1="1" ind2=" ">
    <subfield code="a">Steel, Hillary L.</subfield>
    <subfield code="d">1959-</subfield>
    <subfield code="9">30030</subfield>
  </datafield>
  <datafield tag="245" ind1="1" ind2=" ">
    <subfield code="a">Ikat Traditions:</subfield>
    <subfield code="b">The Mexican Jaspe Rebozo /</subfield>
    <subfield code="c">Hillary Steel with Virgina Davis </subfield>
  </datafield>
  <datafield tag="260" ind1=" " ind2=" ">
    <subfield code="b">Hillary L. Steel, </subfield>
    <subfield code="c">2024</subfield>
  </datafield>
  <datafield tag="300" ind1=" " ind2=" ">
    <subfield code="a">213 p.,</subfield>
    <subfield code="b">fotograf&#xED;as a color,</subfield>
    <subfield code="c">xxx cm </subfield>
  </datafield>
  <datafield tag="650" ind1="1" ind2="0">
    <subfield code="a">Rebozos (Textiles)</subfield>
    <subfield code="9">30031</subfield>
  </datafield>
  <datafield tag="650" ind1="1" ind2="0">
    <subfield code="a">Ikat (Textiles)</subfield>
    <subfield code="9">30032</subfield>
  </datafield>
  <datafield tag="651" ind1=" " ind2="0">
    <subfield code="a">M&#xE9;xico</subfield>
    <subfield code="x">Textiles</subfield>
    <subfield code="9">30033</subfield>
  </datafield>
  <datafield tag="651" ind1=" " ind2="0">
    <subfield code="a">M&#xE9;xico</subfield>
    <subfield code="x">Artesan&#xED;a</subfield>
    <subfield code="9">30034</subfield>
  </datafield>
  <datafield tag="651" ind1=" " ind2="0">
    <subfield code="a">M&#xE9;xico</subfield>
    <subfield code="x">Trajes y vestimenta</subfield>
    <subfield code="9">30035</subfield>
  </datafield>
  <datafield tag="700" ind1="1" ind2=" ">
    <subfield code="e">escritora del prologo </subfield>
    <subfield code="a">Turok, Marta </subfield>
    <subfield code="9">23269</subfield>
  </datafield>
  <datafield tag="700" ind1="1" ind2=" ">
    <subfield code="d">1929-2023</subfield>
    <subfield code="9">30036</subfield>
    <subfield code="a">Virginia, Davis </subfield>
  </datafield>
  <datafield tag="902" ind1=" " ind2=" ">
    <subfield code="a">KH</subfield>
  </datafield>
  <datafield tag="942" ind1=" " ind2=" ">
    <subfield code="2">lcc</subfield>
    <subfield code="c">B</subfield>
  </datafield>
  <datafield tag="999" ind1=" " ind2=" ">
    <subfield code="c">11087</subfield>
    <subfield code="d">11087</subfield>
  </datafield>
  <datafield tag="952" ind1=" " ind2=" ">
    <subfield code="0">0</subfield>
    <subfield code="1">0</subfield>
    <subfield code="2">lcc</subfield>
    <subfield code="4">0</subfield>
    <subfield code="7">0</subfield>
    <subfield code="8">FCON</subfield>
    <subfield code="a">BRCA</subfield>
    <subfield code="b">BRCA</subfield>
    <subfield code="d">2025-08-20</subfield>
    <subfield code="l">0</subfield>
    <subfield code="o">NK9155 .I43</subfield>
    <subfield code="r">2025-08-20 15:04:34</subfield>
    <subfield code="w">2025-08-20</subfield>
    <subfield code="y">B</subfield>
  </datafield>
</record>
